| 000 | 00549nam a22001695i 4500 | ||
|---|---|---|---|
| 001 | 48667 | ||
| 003 | ES-MaACL | ||
| 007 | t| | ||
| 008 | 950728s1896 sp ||||1| spa d | ||
| 040 |
_aCAM _bspa _cCAM |
||
| 100 | 1 |
_aDíaz Macías, J. _944332 |
|
| 245 | 1 | 0 |
_aFabianelo _b: poema social / _cpor J. Díaz Macías...; y con un prólogo de Juan Uña. |
| 260 |
_aBadajoz : _b[s.n], _c1896 ( _fEl Progreso, tipografía de Antonio Arqueros) |
||
| 300 |
_aXXIX,[3], 24,[3] p. ; _c19 cm. |
||
| 700 | 1 |
_aUña, Juan. _9112041 |
|
| 852 |
_aES-MaACL _jT-766-F-8 |
||
| 999 |
_c48667 _d48667 |
||